[Event "XXXVIII Abierto Internacional "]
[Site "Sevilla (SPAIN)"]
[Date "2013.01.11"]
[Round "1.1"]
[White "RODRIGUEZ RODRIGUEZ, Alvaro"]
[Black "MIRZOEV, Azer"]
[Result "0-1"]
[WhiteElo "1884"]
[BlackElo "2547"]
[Annotator "Montecatine,R"]
[PlyCount "46"]
[EventDate "2013.01.11"]

1. e4 Nf6 2. e5 Nd5 3. d4 d6 4. c4 Nb6 5. exd6 exd6 6. Be3 Be7 7. Nc3 O-O 8.
Be2 Nc6 9. Nf3 Bg4 10. b3 Re8 11. O-O Bf6 12. Rc1 h6 13. Qd2 Ne7 14. h3 Bh5 15.
d5 Nf5 16. Bxb6 (16. Bf4) 16... Bxf3 {Diagrama #} 17. Bxc7 (17. Bxf3 axb6 $11)
17... Qxc7 18. Bxf3 Bg5 19. Qd3 Bxc1 20. Qxf5 $6 (20. Rxc1 Nh4 21. Be4) 20...
Bb2 $15 21. Nb5 (21. Nd1) 21... Qb6 $17 22. Rb1 Be5 23. Qd7 Bg3 (23... Bg3 24.
Rf1 Re1) 0-1

[Event "XXXVIII Abierto Internacional "]
[Site "Sevilla (SPAIN)"]
[Date "2013.01.11"]
[Round "1.2"]
[White "MATAMOROS FRANCO, Carlos S"]
[Black "ZABALETA TERRER, Jose Antonio"]
[Result "1-0"]
[WhiteElo "2538"]
[BlackElo "1881"]
[Annotator "Montecatine,R"]
[PlyCount "68"]
[EventDate "2013.01.11"]

1. Nf3 Nf6 2. c4 e6 3. g3 d5 4. Bg2 Be7 5. O-O O-O 6. d4 Nbd7 7. Qc2 b6 8. cxd5
exd5 9. Bf4 c5 10. Nc3 Bb7 11. dxc5 Nxc5 12. Rad1 Rc8 13. Qb1 Ne6 14. Be5 {
Diagrama #} Qe8 (14... Re8) (14... Ng4) 15. Bxf6 Bxf6 16. Nxd5 Bxd5 17. Rxd5
$14 Nc5 18. e3 Qe7 19. Nd4 Rfe8 $2 20. Nf5 $18 Qe6 21. Nd6 Red8 22. Nxc8 Rxd5
23. Bxd5 Qxd5 24. Rd1 Qb7 25. Nd6 Qc6 26. b4 Ne6 27. Qe4 Qc7 28. Qa8+ Nf8 29.
Ne8 Qe7 30. Nxf6+ gxf6 31. Rd4 Kg7 32. a3 Ng6 33. Rd8 Nf8 34. h4 a5 1-0

[Event "XXXVIII Abierto Internacional "]
[Site "Sevilla (SPAIN)"]
[Date "2013.01.11"]
[Round "1.3"]
[White "LAZARO PORTA, Angel"]
[Black "IBARRA JEREZ, Jose Carlos"]
[Result "0-1"]
[WhiteElo "1880"]
[BlackElo "2538"]
[Annotator "Montecatine,R"]
[PlyCount "48"]
[EventDate "2013.01.11"]

1. c4 e5 2. Nc3 Nf6 3. g3 Bb4 4. Bg2 O-O 5. Qc2 Nc6 6. Nf3 Re8 7. Ng5 $6 (7.
O-O) 7... Nd4 8. Qd3 h6 9. h4 (9. Nge4) 9... c6 $15 (9... hxg5 10. hxg5 d5 11.
gxf6 $6 Bf5 12. e4 dxc4 13. Qxc4 Be6 14. Qd3 Qxf6 $17) 10. Nge4 Nxe4 11. Bxe4
f5 (11... d6) 12. Bg2 (12. Bxf5 Nxf5 13. Qxf5 d5 14. Qd3 Be6 $15) 12... Qf6 {
Diagrama #} 13. e4 (13. e3) 13... f4 $17 14. O-O d6 15. Kh2 g5 (15... Bg4) 16.
hxg5 (16. a3) 16... hxg5 $18 17. Rh1 Rf8 18. a3 Bc5 19. b4 Bb6 20. c5 dxc5 21.
bxc5 Bxc5 22. Qc4+ Ne6 23. Nd1 Bxf2 24. g4 f3 0-1

[Event "XXXVIII Abierto Internacional "]
[Site "Sevilla (SPAIN)"]
[Date "2013.01.11"]
[Round "1.4"]
[White "HASLINGER, Stewart G"]
[Black "JIMENEZ GONZALEZ, Manuel Jose"]
[Result "1-0"]
[WhiteElo "2535"]
[BlackElo "1877"]
[Annotator "Montecatine,R"]
[PlyCount "73"]
[EventDate "2013.01.11"]

1. e4 e6 2. d4 d5 3. Nd2 Nf6 4. e5 Nfd7 5. c3 c5 6. Bd3 Nc6 7. Ne2 f6 8. Nf4
Qe7 9. Nf3 cxd4 10. cxd4 g6 (10... Qf7) (10... fxe5 11. dxe5 Ndxe5 12. Nxe5
Nxe5 13. Qh5+ Nf7 14. O-O g6 15. Qe2 Bg7 16. Bb5+ Kf8 17. Re1 $14) 11. exf6
Qxf6 12. O-O Bg7 (12... Nb6) 13. Nxe6 Qxe6 14. Re1 Nde5 15. Nxe5 Nxe5 16. Bh6
O-O 17. Bxg7 Kxg7 18. Rxe5 $16 Qf6 19. Qe2 Bd7 20. Re7+ (20. Rxd5) 20... Rf7
21. Re1 Raf8 22. Qe5 Bc6 23. f3 a5 24. b3 Qxe5 25. R1xe5 Rxe7 26. Rxe7+ Rf7 27.
Rxf7+ Kxf7 28. a4 h6 29. Bb5 Ke6 30. g4 Bxb5 31. axb5 Kd6 32. Kf2 Ke6 33. Kg3
b6 34. Kf4 g5+ 35. Kg3 Kf7 36. f4 Kf6 37. h4 1-0

[Event "XXXVIII Abierto Internacional "]
[Site "Sevilla (SPAIN)"]
[Date "2013.01.11"]
[Round "1.5"]
[White "GIRAUD, Thierry"]
[Black "KHAMRAKULOV, Ibragim S"]
[Result "0-1"]
[WhiteElo "1872"]
[BlackElo "2509"]
[Annotator "Montecatine,R"]
[PlyCount "66"]
[EventDate "2013.01.11"]

1. d4 Nf6 2. c4 e6 3. Nf3 b6 4. Nc3 Bb7 5. Bg5 Bb4 6. Qc2 h6 7. Bxf6 Qxf6 8. e4
c5 9. d5 exd5 10. cxd5 O-O 11. Bd3 c4 12. Be2 (12. Bxc4 $5 Rc8 13. Qb3 Ba6 14.
e5) 12... Bxc3+ 13. bxc3 Qg6 14. Nd4 (14. Nh4 $5 Qg5 15. Nf5) 14... Re8 15. f3
Na6 (15... Qxg2 16. O-O-O Qg5+ 17. Qd2 Qxd2+ 18. Rxd2 $14) 16. O-O (16. Bxc4 f5
$5) 16... Bxd5 17. Rad1 (17. Qb1) 17... Be6 (17... Rxe4 $1 18. fxe4 Bxe4 19.
Bh5 Bxc2 20. Bxg6 Bxg6 $15) 18. f4 Bg4 19. Bxg4 Qxg4 20. Nf5 Nc5 21. Rd4 Nd3 {
Diagrama #} (21... Ne6) 22. Rxd7 $2 (22. Ne3 Qh4 23. g3 Qh5 24. Nxc4 $14) 22...
Nxf4 (22... Rxe4 $19) 23. Rf3 Nh5 (23... Rxe4 24. Nxh6+ gxh6 25. Rg3 Re1+ 26.
Kf2 Re2+ 27. Qxe2 Qxg3+ 28. hxg3 Nxe2 29. Kxe2 b5 $17) 24. Rxf7 $14 Qxe4 25.
Qxe4 (25. Nxh6+ $1 Kh7 (25... gxh6 $2 26. Rf8+ Kg7 27. Qxe4 Rxe4 28. Rxa8) 26.
Qxe4+ Rxe4 27. Nf5 $14) 25... Rxe4 26. Nd6 $6 (26. Rc7) 26... Re1+ 27. Kf2 (27.
Rf1) 27... Ra1 28. g4 Rxa2+ 29. Ke3 Nf6 30. h3 Rc2 31. Rb7 Rxc3+ 32. Ke2 Rxf3
33. Kxf3 c3 0-1

[Event "XXXVIII Abierto Internacional "]
[Site "Sevilla (SPAIN)"]
[Date "2013.01.11"]
[Round "1.6"]
[White "PEREZ MITJANS, Orelvis"]
[Black "DE DIOS ORTEGA, Juan Manuel"]
[Result "1-0"]
[WhiteElo "2496"]
[BlackElo "1859"]
[Annotator "Montecatine,R"]
[PlyCount "97"]
[EventDate "2013.01.11"]

1. e4 d6 2. d4 Nf6 3. f3 e5 4. d5 c6 5. c4 cxd5 6. cxd5 Be7 7. Bd3 O-O 8. Ne2
Qb6 9. Nd2 Nbd7 10. Nc4 Qc7 11. b4 Nb6 12. Na5 Bd7 13. Be3 Ba4 (13... Rac8 14.
O-O Qb8) 14. Qd2 Rfc8 15. O-O Be8 16. Rfc1 Qd7 17. Nc3 $16 Rab8 18. Nb5 a6 19.
Na7 Rxc1+ 20. Rxc1 Bd8 21. Qf2 (21. b5) 21... Nc8 (21... Nbxd5 $5 22. exd5 Nxd5
) 22. Qc2 Nb6 23. Nc4 Nxc4 24. Bxc4 Qa4 25. Qd2 Bd7 26. Bb3 Qa3 27. Rc4 b5 (
27... h6) 28. Rc2 a5 29. Nc6 $16 Bxc6 (29... Ra8) 30. dxc6 Bc7 31. bxa5 (31.
Rc3 $18) 31... Qxa5 32. Qf2 Kf8 33. g4 $16 Ng8 (33... h6) 34. f4 $18 exf4 35.
Bxf4 f6 36. g5 Re8 37. Bd5 Bb6 38. Bxd6+ Ne7 39. Bc5 Bxc5 40. Rxc5 (40. Qxc5
Qe1+ 41. Kg2 $18) 40... Nxd5 $16 41. Rxd5 Rxe4 (41... Qc3) 42. gxf6 g6 43. Qc5+
{Diagrama #} (43. Kf1) 43... Kf7 $2 (43... Kg8 $14) (43... Ke8) 44. Rd7+ $18
Kxf6 45. Qf2+ Ke5 46. Re7+ Kd5 47. Rxe4 Kxe4 48. Qc2+ Kf4 49. c7 1-0

[Event "XXXVIII Abierto Internacional "]
[Site "Sevilla (SPAIN)"]
[Date "2013.01.11"]
[Round "1.7"]
[White "HIDALGO BEGINES, Juan Jose"]
[Black "CAMPORA, Daniel H"]
[Result "0-1"]
[WhiteElo "1858"]
[BlackElo "2490"]
[Annotator "Doe,John"]
[PlyCount "54"]
[EventDate "2013.01.11"]

1. c4 e5 2. Nc3 Nf6 3. g3 Bb4 4. Bg2 O-O 5. a3 Bxc3 6. dxc3 d6 7. Nf3 a5 8. a4
h6 9. O-O Nbd7 10. Qc2 Nc5 {Diagrama #} 11. Nd2 $6 (11. b4 Ne6) (11. Be3) 11...
Bd7 12. Ne4 $6 Ncxe4 13. Bxe4 Nxe4 14. Qxe4 b6 $15 15. Kg2 f5 16. Qd5+ Kh8 17.
e3 (17. f3) 17... Qe8 18. Qd1 Bc6+ 19. f3 g5 $17 20. Qe2 (20. Kg1) 20... g4 $19
21. e4 gxf3+ 22. Rxf3 Qg6 23. Rf1 Bxe4+ 24. Kg1 f4 25. Qf2 Rf7 26. Re1 Rg8 27.
Rxe4 Qxe4 0-1

[Event "XXXVIII Abierto Internacional "]
[Site "Sevilla (SPAIN)"]
[Date "2013.01.11"]
[Round "1.8"]
[White "HERRAIZ HIDALGO, Herminio"]
[Black "SUAREZ POZO, Juan Carlos"]
[Result "1-0"]
[WhiteElo "2488"]
[BlackElo "1853"]
[Annotator "Doe,John"]
[PlyCount "72"]
[EventDate "2013.01.11"]

1. d4 Nf6 2. c4 e6 3. Nc3 Bb4 4. Qc2 d5 5. cxd5 exd5 6. Bg5 Bg4 7. e3 Nbd7 8.
Bd3 c5 9. dxc5 Qa5 10. Nge2 Bxe2 11. Kxe2 $14 {Diagrama #} Qxc5 (11... Bxc3 12.
Qxc3 Qxc3 13. bxc3 Ke7 $14) 12. Nb5 $16 Qxc2+ 13. Bxc2 Rc8 (13... O-O 14. Rac1
$16) 14. Bf5 a6 15. Bxf6 gxf6 16. Nd4 (16. Rac1 $18) 16... Ke7 17. Rac1 Bc5 (
17... Rc5) 18. Nb3 Bb6 19. Rcd1 $18 Rcd8 20. Rxd5 Nb8 21. Rxd8 Kxd8 22. Rc1 Ke7
23. Bc8 Rd8 24. Bxb7 Rd7 25. Be4 h6 26. Rc4 a5 27. Ra4 Ra7 28. Nd4 h5 29. Nf5+
Kd7 30. Ng3 h4 31. Bf5+ Kd6 32. Rxh4 Nc6 33. Rc4 Ne5 34. Rc2 Ra8 35. f4 Ng6 36.
Ne4+ Ke7 1-0

[Event "XXXVIII Abierto Internacional "]
[Site "Sevilla (SPAIN)"]
[Date "2013.01.11"]
[Round "1.9"]
[White "JUIDIAZ HERNANDEZ, Antonio Lui"]
[Black "LALIC, Bogdan"]
[Result "0-1"]
[WhiteElo "1851"]
[BlackElo "2484"]
[Annotator "Doe,John"]
[PlyCount "89"]
[EventDate "2013.01.11"]

1. e4 e6 2. c4 d5 3. exd5 exd5 4. d4 Nf6 5. Nf3 Bb4+ 6. Bd2 Bxd2+ 7. Nbxd2 O-O
8. Be2 dxc4 9. Nxc4 Nd5 10. Qd2 Qf6 11. g3 (11. O-O) 11... Nb6 12. Nxb6 $6 (12.
Nce5) 12... axb6 13. O-O Nc6 $15 14. Rfd1 Rd8 15. Qc3 Be6 (15... Bg4) 16. a3
Bd5 17. Ne5 Re8 18. f4 Qd6 19. Bf3 Bxf3 20. Nxf3 Rad8 21. Rac1 Qd5 22. Kf2 f6
23. Qc4 Re7 24. Qxd5+ Rxd5 25. Rc2 Red7 26. b4 Ne7 27. g4 c6 28. Re1 Kf7 29. f5
Rd8 $15 30. Rce2 R5d7 31. Nd2 Nd5 {Diagrama #} 32. Nf3 $2 (32. Nc4) 32... Ra8
$17 33. Ra1 (33. b5) 33... Nxb4 $19 34. g5 Nd5 35. h4 Ne7 36. g6+ hxg6 37.
fxg6+ Nxg6 38. Re4 Ra5 39. Rg1 Ne7 40. Reg4 g6 41. Rf4 Rf5 42. Ke3 b5 43. Ke4
Rd6 44. Rxg6 Re6+ 45. Ne5+ 0-1

[Event "XXXVIII Abierto Internacional "]
[Site "Sevilla (SPAIN)"]
[Date "2013.01.11"]
[Round "1.10"]
[White "NARRO JIMENEZ, Jose Reyes"]
[Black "GONZALEZ PEREZ, Arian"]
[Result "0-1"]
[WhiteElo "1838"]
[BlackElo "2473"]
[Annotator "Doe,John"]
[PlyCount "56"]
[EventDate "2013.01.11"]

1. e4 e6 2. d4 d5 3. Nc3 Bb4 4. e5 c5 5. a3 Bxc3+ 6. bxc3 Ne7 7. Nf3 Qc7 8. Bd3
h6 9. O-O b6 10. a4 Ba6 11. Re1 Bxd3 12. Qxd3 Nbc6 13. Qb5 (13. dxc5 $5 bxc5
14. Ba3) 13... cxd4 14. cxd4 O-O 15. Ba3 Rfc8 16. Bd6 Qb7 (16... Qd8) 17. a5
Nf5 {Diagrama #} 18. axb6 $2 (18. c3) 18... Ncxd4 $19 19. Nxd4 Nxd4 20. Qa5
Qxb6 21. Reb1 Qxa5 22. Rxa5 Rxc2 23. g3 Ne2+ 24. Kf1 Nc3 25. Rb8+ Rxb8 26. Bxb8
d4 27. Bxa7 d3 28. Ke1 d2+ 0-1

[Event "XXXVIII Abierto Internacional "]
[Site "Sevilla (SPAIN)"]
[Date "2013.01.11"]
[Round "1.11"]
[White "DAS, Arghyadip"]
[Black "CHERRY, John Bradford"]
[Result "1-0"]
[WhiteElo "2466"]
[BlackElo "1838"]
[Annotator "Montecatine,R"]
[PlyCount "42"]
[EventDate "2013.01.11"]

1. e4 d6 2. Nc3 Nf6 3. d4 g6 4. Bg5 Bg7 5. Qd2 O-O 6. f4 Nbd7 7. Nf3 c5 8. d5
a6 9. a4 Qe8 $6 (9... Re8) 10. Bd3 e5 $6 11. dxe6 Qxe6 12. O-O $16 h6 $2 {
Diagrama #} 13. f5 $18 Qe7 14. Bxh6 Ne5 15. Bg5 c4 16. Nd5 Qd8 17. Nxe5 dxe5
18. fxg6 cxd3 19. Nxf6+ Bxf6 20. Bxf6 Qb6+ 21. Kh1 fxg6 1-0

[Event "XXXVIII Abierto Internacional "]
[Site "Sevilla (SPAIN)"]
[Date "2013.01.11"]
[Round "1.12"]
[White "GODINO BENITEZ, Miguel"]
[Black "ROY CHOWDHURY, Saptarshi"]
[Result "0-1"]
[WhiteElo "1834"]
[BlackElo "2451"]
[Annotator "Doe,John"]
[PlyCount "68"]
[EventDate "2013.01.11"]

1. d4 e6 2. Nf3 b6 3. Nbd2 Bb7 4. c3 Nf6 5. Qc2 d6 6. g3 Nbd7 7. Bg2 Be7 8. O-O
c5 9. e4 cxd4 10. Nxd4 Qc8 11. Re1 g6 12. Nf1 e5 13. Nb3 h5 14. Bg5 Nf8 15. f4
(15. Rad1 $14) 15... N8h7 16. fxe5 dxe5 17. Bxf6 (17. Bh6) 17... Nxf6 $15 18.
Ne3 h4 19. Nd5 hxg3 20. Nxf6+ Bxf6 {Diagrama #} 21. h3 $2 (21. hxg3 $17) 21...
Bc6 $19 22. Rad1 Bd7 23. Rxd7 Qxd7 24. Rd1 Qe6 25. Qe2 Rd8 26. Rd5 Be7 27. Qb5+
Kf8 28. Qe2 Kg7 29. c4 Rh4 30. Rxd8 Bxd8 31. Nd2 Be7 32. a3 a5 33. Qf3 Bc5+ 34.
Kf1 Rf4 0-1

[Event "XXXVIII Abierto Internacional "]
[Site "Sevilla (SPAIN)"]
[Date "2013.01.11"]
[Round "1.13"]
[White "MELLADO TRIVINO, Juan"]
[Black "SANTOS OLIVERA, Francisco"]
[Result "1-0"]
[WhiteElo "2436"]
[BlackElo "1833"]
[Annotator "Doe,John"]
[PlyCount "55"]
[EventDate "2013.01.11"]

1. d4 d5 2. Bg5 g6 3. c4 Bg7 4. e3 Nf6 5. Nc3 c6 6. Nf3 Nbd7 7. cxd5 Nxd5 8.
Bc4 (8. Nxd5) 8... Nxc3 9. bxc3 {Diagrama #} Qa5 $6 (9... Nb6) 10. Qb3 $14 Qf5
11. O-O b5 12. Be2 h6 13. Bh4 g5 14. Bg3 h5 $6 (14... Nb6) 15. h4 $18 gxh4 16.
Nxh4 Qg5 17. Bf3 Bb7 18. a4 a6 19. c4 Nc5 20. dxc5 Bxa1 21. Rxa1 Qxc5 22. axb5
axb5 23. Rxa8+ Bxa8 24. cxb5 Rh6 25. Qa4 Bb7 26. Qf4 Qd6 27. Qxd6 exd6 28. Nf5
1-0

[Event "XXXVIII Abierto Internacional "]
[Site "Sevilla (SPAIN)"]
[Date "2013.01.11"]
[Round "1.14"]
[White "TORRES PEREZ, Francisco Javier"]
[Black "BRUNO, Fabio"]
[Result "0-1"]
[WhiteElo "1828"]
[BlackElo "2434"]
[Annotator "Doe,John"]
[PlyCount "110"]
[EventDate "2013.01.11"]

1. e4 c5 2. Nf3 Nc6 3. Nc3 e6 4. d4 cxd4 5. Nxd4 a6 6. Be2 Qc7 7. O-O Nf6 8.
Nxc6 bxc6 9. Be3 Rb8 10. Rb1 Bd6 11. f4 e5 12. f5 Bb4 13. Bd3 h6 14. Qf3 Qa5
15. Kh1 {Diagrama #} Bc5 $2 (15... O-O) (15... Bxc3 16. bxc3 Rxb1 17. Rxb1 O-O
18. Qg3 $14) 16. Bd2 $6 (16. Qg3 Bf8 $16 (16... Bxe3 $2 17. Qxg7 Rg8 18. Qxf6
$18)) 16... Qc7 17. Na4 Ba7 18. c4 d6 19. Rbc1 (19. Qg3 Kf8 20. c5 $14) 19...
Bd4 $11 20. b3 c5 21. g4 Bb7 22. Nc3 Bxc3 23. Bxc3 Bc6 24. Bd2 a5 25. Rb1 Qb7
26. Rfe1 Ra8 27. Kg1 Kd7 28. Bc3 Kc7 29. Qe2 Rhg8 {Diagrama #} 30. a3 $2 (30.
h3 g6 31. fxg6 Rxg6 32. Kh2) 30... g6 31. h3 (31. fxg6 Rxg6 32. h3 h5 $15)
31... gxf5 $17 32. b4 $2 (32. exf5 Bf3 33. Qf2 Bxg4 34. hxg4 Nxg4 $19) 32...
axb4 $19 33. axb4 Nxg4 (33... Nxe4) 34. bxc5 Qa7 35. Rb6 (35. Kf1) 35... dxc5 (
35... Qa3) 36. Reb1 Nf6+ 37. Kh2 Nd7 38. Rxc6+ Kxc6 39. exf5 f6 40. Qe4+ $2 (
40. Qd1) 40... Kc7 $17 41. Be2 (41. Qd5) 41... Rab8 $19 42. Rd1 Kc8 (42... Qb7
43. Rd5 Kc8) 43. Qd5 Rd8 44. Ra1 Qb7 45. Qe6 Ra8 46. Rb1 (46. Rxa8+ Qxa8 47.
Bf1 Qa2+ $19) 46... Qxb1 47. Qc6+ Kb8 48. Qd6+ Kb7 49. Bf3+ e4 50. Qd5+ Kc7 51.
Bxe4 Ra2+ 52. Kg3 Qg1+ 53. Kf4 Rf2+ 54. Bf3 Qg5+ 55. Ke4 Re8+ 0-1

[Event "XXXVIII Abierto Internacional "]
[Site "Sevilla (SPAIN)"]
[Date "2013.01.11"]
[Round "1.15"]
[White "BELEZKY, Alexander"]
[Black "JIMENEZ ARNAIZ, Jose Maria"]
[Result "1-0"]
[WhiteElo "2427"]
[BlackElo "1821"]
[Annotator "Doe,John"]
[PlyCount "63"]
[EventDate "2013.01.11"]

1. Nf3 Nf6 2. g3 g6 3. b3 Bg7 4. Bb2 d5 5. c4 c6 6. Bg2 O-O 7. O-O Nbd7 8. cxd5
Nxd5 (8... cxd5) 9. Bxg7 Kxg7 10. d4 e6 (10... N7f6) 11. e4 N5f6 $16 12. Nc3
Nb6 13. Qc2 Qe7 14. Ne2 Bd7 15. Rac1 Rad8 16. Ne5 Bc8 17. Qc3 {Diagrama #} Kg8
$6 (17... Nbd7) 18. Qa5 $18 Na8 19. Qxa7 Nc7 20. Rfd1 h5 21. h4 Nfe8 22. Qc5
Qxc5 23. dxc5 Ng7 24. b4 Kh7 25. Rxd8 Rxd8 26. Nxf7 Rd2 27. Nc3 Na6 28. a3 Ne8
29. Rd1 Rxd1+ 30. Nxd1 Kg7 31. Ne5 Kf6 32. f4 1-0

[Event "XXXVIII Abierto Internacional "]
[Site "Sevilla (SPAIN)"]
[Date "2013.01.11"]
[Round "1.16"]
[White "CHESA CHAVARRIA, Aurelio"]
[Black "BARUA, Dibyendu"]
[Result "0-1"]
[WhiteElo "1812"]
[BlackElo "2413"]
[Annotator "Doe,John"]
[PlyCount "54"]
[EventDate "2013.01.11"]

1. d4 Nf6 2. c4 e6 3. Nf3 b6 4. g3 Bb7 5. Bg2 Qc8 6. O-O c5 7. b3 Be7 8. Nc3
cxd4 9. Nxd4 Bxg2 10. Kxg2 d5 11. Bb2 dxc4 {Diagrama #} 12. Rc1 (12. bxc4 Qxc4
13. Ncb5 O-O 14. Qb3 (14. Rc1 Qxa2 15. Nc7 Qxb2 16. Nxa8 Bc5) 14... Qxb3 15.
axb3 a5 16. Rfc1 $11) 12... O-O $15 13. Nf3 Rd8 14. Qc2 cxb3 15. Qxb3 Qb7 $17
16. Kg1 Nbd7 17. Rfd1 Nc5 18. Rxd8+ Rxd8 19. Qc2 Nd5 20. Nxd5 Qxd5 21. Bd4 f6
22. Ba1 e5 23. Ne1 Ne6 24. Ng2 Bc5 25. Ne3 Bxe3 26. fxe3 Qd2 27. Kf2 Nc5 0-1

[Event "XXXVIII Abierto Internacional "]
[Site "Sevilla (SPAIN)"]
[Date "2013.01.11"]
[Round "1.17"]
[White "POGORELOV, Ruslan"]
[Black "DAHLGREN, James Allen"]
[Result "1-0"]
[WhiteElo "2409"]
[BlackElo "1812"]
[Annotator "Doe,John"]
[PlyCount "159"]
[EventDate "2013.01.11"]

1. Nf3 d5 2. d4 Nf6 3. c4 c6 4. Nc3 a6 5. e3 Bf5 6. Qb3 b5 7. c5 Nbd7 8. a4 e6
9. Qa3 Rc8 10. b4 Be7 11. Be2 O-O 12. O-O Ne4 13. Bb2 Bf6 14. Nxe4 Bxe4 15. Nd2
Bg6 16. f4 Be7 17. Qb3 Qc7 18. Ra3 f6 19. axb5 axb5 20. Rfa1 Rb8 21. Bg4 f5 22.
Bd1 Rb7 23. Qa2 Rfb8 24. Ra6 Be8 25. g4 Nf6 26. gxf5 (26. g5 Ne4 27. Nxe4 fxe4
28. h4 $14) 26... exf5 27. Nf3 Ne4 28. Ne5 Bh4 29. Bc1 g5 30. Qg2 Qc8 31. Ra7
Rxa7 32. Rxa7 Rb7 (32... Ra8) 33. Rxb7 Qxb7 34. fxg5 Qg7 35. Nf3 Bxg5 (35...
Bf2+ $1 36. Kf1 Qa7 37. Nd2 Bh4 $11) 36. Nxg5 Qxg5 37. Qxg5+ Nxg5 38. Bd2 Kg7
39. Be1 Kh6 40. Kg2 Bh5 41. Bxh5 Kxh5 42. Kg3 Ne6 43. Kf3 Kg5 44. Bg3 Kh5 45.
h3 Kg5 46. Bd6 Kf6 47. Kg3 Kg5 48. Be7+ Kh5 49. Kf3 Kg6 50. Bh4 Kh5 51. Bf6 Kg6
52. Be7 Kf7 53. Bd6 Kg6 54. Kg3 Kg5 55. Be5 Kh5 56. Bf4 Nf8 57. Bc7 Ne6 58. Bd6
Kg5 59. Be7+ Kh5 60. Bf6 Kg6 61. Be5 Kh5 62. Kf3 Kh4 63. Kg2 Kg5 64. Kg3 Kh5
65. Bf4 Nf8 66. Bd6 Ng6 $6 (66... Ne6) 67. Bc7 Kg5 68. Bd8+ {Diagrama #} Kh5 $2
(68... Kh6 69. h4 (69. Bf6 Kh5 70. Kf3 Kh6 71. Kg3 Kh5 72. Kf2 Nf8) 69... Kg7)
69. Bf6 Kh6 70. h4 Kh5 71. Bg5 Nf8 $2 (71... h6 72. Bf6 Nf8 73. Kf4 Kg6 74. Be7
(74. Ke5 $5 Nd7+ 75. Kd6 Nxf6 76. Kxc6 Kf7 77. Kxb5 Ke7 78. Kc6 Kd8 79. Kb7 Ng8
80. c6 Ne7 81. b5 Nc8 82. b6 Ne7 $11) 74... Nd7 75. Bd8 h5 76. Bg5 Nb8 77. Ke5
Na6 78. Kd6 Nxb4 79. Bd8 Na2 80. Kxc6 b4 81. Kd7 f4 82. c6 f3 83. c7 f2 84.
c8=Q f1=Q $14) 72. Kf4 $18 Kg6 73. Ke5 h6 74. Be7 Nd7+ 75. Kd6 Nb8 76. Kc7 Na6+
77. Kxc6 Nxb4+ 78. Kxb5 Kf7 79. Kxb4 Kxe7 80. Kb5 1-0

[Event "XXXVIII Abierto Internacional "]
[Site "Sevilla (SPAIN)"]
[Date "2013.01.11"]
[Round "1.18"]
[White "HASLINGER, J Mike"]
[Black "KJARTANSSON, Gudmundur"]
[Result "0-1"]
[WhiteElo "1809"]
[BlackElo "2408"]
[Annotator "Doe,John"]
[PlyCount "97"]
[EventDate "2013.01.11"]

1. d4 Nf6 2. Nf3 b6 3. g3 Bb7 4. Bg2 g6 5. O-O Bg7 6. c4 O-O 7. Nc3 Ne4 8. Nxe4
Bxe4 9. Ng5 Bxg2 10. Kxg2 c5 11. d5 d6 12. f4 a6 13. Rb1 b5 14. b3 Nd7 15. f5
Rb8 16. fxg6 hxg6 17. cxb5 axb5 18. Bb2 Nf6 19. Qd3 (19. Qd2) 19... Qa5 20. Ne4
(20. a3) 20... c4 $17 21. Nxf6+ (21. bxc4 bxc4 22. Qxc4 Rxb2 23. Rxb2 Nxe4 $19)
21... Bxf6 22. Qe3 c3 (22... Rfe8) 23. Rxf6 cxb2 $2 (23... exf6 24. Qxc3 Qxc3
25. Bxc3 Rfe8 $15) 24. Rf4 $16 b4 25. Qd4 Qa8 26. e4 $14 (26. Rh4 e5 (26... f6
27. Qe4 $18) 27. Qd2 f5 28. Rxb2 $16) 26... Qxa2 27. Rxb2 Qa1 28. Qd2 (28. e5)
28... Rfc8 29. Rf1 Qa3 30. Qd4 (30. Rf2) 30... Rc3 $15 31. Rbf2 Rf8 32. Qd2
Qxb3 {Diagrama #} (32... Kg7) 33. Qh6 $2 (33. Qg5 Rc2 34. Qxe7 Rxf2+ 35. Rxf2
$11) 33... Rc2 $19 34. Kg1 Rxf2 35. Rxf2 Qb1+ 36. Rf1 Qxe4 37. Qd2 b3 38. Rf4
Qb1+ 39. Rf1 Qc2 40. Qxc2 bxc2 41. Rc1 Rc8 42. Kf2 Kg7 43. Ke3 f5 44. Kd2 Kf6
45. h4 Rc5 46. Ke3 Ke5 47. Kd3 Rxd5+ 48. Kxc2 Rc5+ 49. Kd2 0-1

[Event "XXXVIII Abierto Internacional "]
[Site "Sevilla (SPAIN)"]
[Date "2013.01.11"]
[Round "1.19"]
[White "PISCOPO, Pierluigi"]
[Black "GOMEZ VARGAS, Pedro Jose"]
[Result "1-0"]
[WhiteElo "2407"]
[BlackElo "1808"]
[Annotator "Doe,John"]
[PlyCount "57"]
[EventDate "2013.01.11"]

1. e4 c5 2. Nf3 d6 3. c3 Nf6 4. Bd3 a6 5. Bc2 Nc6 6. h3 e6 7. O-O Be7 8. Re1
Qc7 9. d4 cxd4 10. cxd4 O-O 11. Nc3 Re8 12. Be3 h6 13. Rc1 $16 {Diagrama #} Bf8
$2 14. d5 $18 Ne7 (14... Ne5 15. Ba4 Rd8 16. dxe6 Bxe6 17. Nd5 $18) 15. e5 dxe5
16. d6 Qa5 17. dxe7 Rxe7 18. Nd2 Bd7 19. Nc4 Qc7 20. Nb6 Rd8 21. Ncd5 Nxd5 22.
Nxd5 Qb8 23. Nxe7+ Bxe7 24. Bb6 Bg5 25. Bxd8 Qxd8 26. Ba4 Bxc1 27. Qxd7 Qxd7
28. Bxd7 Bxb2 29. Rb1 1-0

[Event "XXXVIII Abierto Internacional "]
[Site "?"]
[Date "2013.01.11"]
[Round "?"]
[White "FERNANDEZ ROMERO, ERNESTO."]
[Black "CADENAS FALCON, JOSE ANTONIO."]
[Result "1-0"]
[WhiteElo "2480"]
[BlackElo "1845"]
[Annotator "Montecatine,R"]
[PlyCount "31"]
[EventDate "2013.01.11"]

1. e4 e6 2. d4 d5 3. Nc3 dxe4 4. Nxe4 Nd7 5. Bd3 Ngf6 6. Qe2 Be7 7. Nf3 b6 8.
Neg5 {Diagrama #} Bb7 $2 (8... h6 9. Bg6 $5 hxg5 10. Bxf7+ (10. Nxg5 fxg6 11.
Nxe6 Bb4+) 10... Kxf7 11. Nxg5+ Ke8 12. Nxe6 Bb4+ 13. c3 Qe7 14. Nxc7+ Kd8 15.
Ne6+ Ke8 16. Nc7+ $11) 9. Nxf7 $18 Kxf7 10. Ng5+ Ke8 11. Nxe6 Qc8 12. Nxg7+ Kf7
(12... Kd8 13. Ne6+ Ke8 14. Bf4 $18) 13. Qe6+ Kxg7 14. Qxe7+ Kg8 15. Bc4+ Nd5
16. Qe6+ 1-0

[Event "XXXVIII Abierto Internacional "]
[Site "Sevilla (SPAIN)"]
[Date "2013.01.12"]
[Round "2.1"]
[White "MIRZOEV, Azer"]
[Black "DELGADO SERRANO, Angel"]
[Result "1-0"]
[WhiteElo "2547"]
[BlackElo "2139"]
[Annotator "Montecatine,R"]
[PlyCount "63"]
[EventDate "2013.01.11"]

1. d4 Nf6 2. c4 e6 3. Nc3 d5 4. cxd5 exd5 5. Bg5 Nbd7 6. e3 c6 7. Bd3 Be7 8.
Qc2 O-O 9. Nge2 Re8 10. h3 Nf8 11. O-O-O a5 12. g4 N6d7 13. Bf4 Nb6 14. Kb1 Bd6
15. Bxd6 Qxd6 16. g5 Bd7 (16... Nc4 $5 17. Bxc4 dxc4 18. d5) 17. Ng3 a4 18. a3
c5 (18... g6) 19. Nb5 (19. Nf5 Bxf5 20. Bxf5 Ra5 $14) 19... Bxb5 20. Bxb5 Rec8
21. Nf5 Qd8 22. dxc5 Ne6 23. h4 Rxc5 $11 24. Qe2 Rac8 25. Bd3 Qf8 (25... Qc7
26. Qh5 g6 27. Nh6+ Kg7 28. Qf3 Qe7 $11) 26. Qh5 g6 27. Nh6+ Kg7 28. Qf3 f5 $6
(28... Qe7) 29. gxf6+ {Diagrama #} (29. h5 $1 Nxg5 30. Qg3 Kxh6 31. hxg6+ Kxg6
32. f4 $18) 29... Kxh6 $4 (29... Qxf6 30. Qxf6+ Kxf6 31. h5 $14) 30. h5 g5 31.
Qf5 Qf7 32. Qg6+ 1-0

[Event "XXXVIII Abierto Internacional "]
[Site "Sevilla (SPAIN)"]
[Date "2013.01.12"]
[Round "2.3"]
[White "IBARRA JEREZ, Jose Carlos"]
[Black "HASLINGER, Gareth J"]
[Result "1-0"]
[WhiteElo "2538"]
[BlackElo "2127"]
[Annotator "Montecatine,R"]
[PlyCount "47"]
[EventDate "2013.01.11"]

1. e4 d5 2. exd5 Qxd5 3. Nc3 Qa5 4. d4 Nf6 5. Bd2 Bg4 6. f3 Bf5 7. g4 Bd7 8.
Bc4 Qb6 9. g5 (9. Bf4 Qxb2 $6 10. Nge2 $14) 9... Qxd4 10. Qe2 Qh4+ 11. Kf1 Nh5
12. Nd5 {Diagrama #} Nc6 $2 (12... Kd8 $15) 13. Nxc7+ $18 Kd8 14. Nxa8 e5 15.
Be3 Nf4 16. Qf2 Qxg5 17. Rd1 Nd4 18. c3 Bc5 19. cxd4 exd4 20. Qg3 Qd5 21. Bxd5
Bb5+ 22. Bc4 Bxc4+ 23. Kf2 Nd5 24. Bxd4 1-0